| 000 | 00348pab a2200145 454500 | ||
|---|---|---|---|
| 008 | 180718b1995 xxu||||| |||| 00| 0 eng d | ||
| 100 | _aMahalingam, Sudha | ||
| 245 | _aRoad privatisation | ||
| 260 | _c1995 | ||
| 300 | _ap.6; 15 Nov 1995, p.6 | ||
| 362 | _a14 Nov | ||
| 650 | _aRoads - India | ||
| 773 | _aHindu (Business Line) | ||
| 909 | _a30526 | ||
| 999 |
_c30526 _d30526 |
||